| 000 | 00564nam a22001697a 4500 | ||
|---|---|---|---|
| 003 | NUST | ||
| 082 |
_a621.31 _bHAQ |
||
| 100 |
_aHaq, Shahbaz Ul (360862) _9123191 |
||
| 245 | _aFrom Merit Order to Multi-Period Optimization: Unlocking Efficiency and Reliability in Pakistan's Power Grid while Quantifying Reserve Needs / | ||
| 264 |
_aIslamabad : _bUSPCAS-E, NUST _cApril, 2024. |
||
| 300 |
_axiv, 78 p. _e+CD |
||
| 520 | _aTH-568 | ||
| 650 | _aMS EEP Thesis | ||
| 650 |
_aMS Thesis _918721 |
||
| 700 |
_aSupervisor: Dr. Kashif Imran _9117105 |
||
| 942 |
_2ddc _cTHE |
||
| 999 |
_c609465 _d609465 |
||